00481nam a2200109Ia 4500008004100000100003300041245014300074260003300217300001700250650001900267856008500286160712s9999 xx 000 0 und d aEncarnacion Tadem, Teresa S. cTeresa S. Encarnacion TademaPhilippine Technocracy and the Politics of Economic Decision Making during the Martial Law Period (1972-1986) c2013bSocial Science Diliman avol. 9 no. 2 xSOCIAL SCIENCE uhttp://journals.upd.edu.ph/index.php/socialsciencediliman/issue/view/405/showToc